Responses for Show #7123 - Wednesday, July 29, 2015

Some of Alex Trebek's audio was re-recorded when his voice recovered.

Contestants

[<< previous game]

Colby Potter, a policy analyst originally from Denver, Colorado

Jennifer Morgan, an editorial project manager from Southampton, New York

Jonathan Marcus, a law clerk from North Hollywood, California (whose 1-day cash winnings total $20,200)

[next game >>]

Jeopardy! Round responses

THE NAME OF THE ROSE
WHICH AFRICAN COUNTRY?
TEAMS THAT HAVEN'T WON THE WORLD SERIES
PRESIDENTS' SPEECHES: ONE WORD OFF
A FORTUNE 500 COMPANY
IT'S ALL ABOUT "U"
(Alex: ...because that's the only vowel you will find in each correct response.)
    $200 30
(Alex: And I don't understand why Jonathan didn't ring in first on that one.)

ketchup & mustard

Jennifer
    $200 15
Egypt

Jennifer
    $200 24
the (Milwaukee) Brewers

Colby
    $200 7
Gorbachev

Jonathan
    $200 19
Walmart

Colby
    $200 2
(Colby: What is burn?)

sunburn

JonathanColby
    $400 18
Downton Abbey

Jonathan
    $400 11
Somalia

Colby
    $400 25
the (San Diego) Padres

Colby
    $400 1
Society

Jennifer
    $400 21
Heinz

Jonathan
    $400 3
unfurl

Colby
    $600 16
(Colby: What is the Marion rose?)
(Alex: Be a little more--)

the Maid Marion rose

Colby
    $600 12
Tanzania

Jonathan
    $600 26
[NOTE: The day before this episode aired, Tulowitzki was traded to the Toronto Blue Jays. The clue was correct at the time of taping.]

the (Colorado) Rockies

Jonathan
    $600 8
house

Jonathan
    $600 20
GM

Jonathan
    $600 4
plush

Jennifer
    $800 17
Mellow Yellow

Jennifer
    $800 13
Mozambique

Colby
    $800 27
the (Washington) Nationals

Jennifer
    $800 9
(Colby: What is deal?)

neighbor

JonathanColby
    $1,000 22
Costco

Jonathan
    $800 5
(Jonathan: [*].)
(Alex: I beg your pardon?)
(Jonathan: [*]. What is [*]?)
(Alex: That's right. Yes.)

cumulus

Jonathan
    $1000 28
iceberg

Colby
    $1000 14
(Jonathan: What is Tunisia?)

Libya

JonathanColby
    $1000 29
the Mariners

Jonathan
    $1000 10
light

Jonathan
    $1000 23
Wells Fargo

Jonathan
    $1000 6
Urdu

Jennifer

Scores at the first commercial break (after clue 15):

Jonathan Jennifer Colby
$3,200 $2,200 $1,600

Scores at the end of the Jeopardy! Round:

Jonathan Jennifer Colby
$8,200 $4,000 $4,000

Double Jeopardy! Round responses

STARTS WITH AN ANIMAL
COLD SCIENCE
INDEPENDENCE DAYS
MOVIE QUOTES
"I. C."
DEAD PEOPLE
    $400 27
gullible

Jennifer
    $400 22
(Colby: What is a coolant?)

antifreeze

JonathanColby
    $400 23
Lithuania

Colby
    $400 16
Gladiator

Jonathan
    $400 17
Iowa City

Colby
    $400 28
Hamlet

Colby
    $800 1
[Jennifer selected the first clue.]

a foxhole

Jonathan
    $800 2
liquid nitrogen

Colby
    $800 24
Algeria

Jonathan
    $800 12
Goodfellas

Jonathan
    $800 19
index card

Jennifer
    $800 13
The Shining

Colby
    $1200 3
ratification

Colby
    $1200 5
ice age

Colby
    $1,300 25
(Jonathan: What is Canada?)

Belize (or British Honduras)

Jonathan
    $1200 9
True Grit

Triple Stumper
    $1200 18
inner circle

Jonathan
    $1200 11
Ghost Rider

Jennifer
    $1600 4
(Jennifer: What are oxbloods?)

Oxfords (or Oxford shoes)

JonathanJennifer
    $1600 6
rime

Jennifer
    $1600 26
(Colby: What is 1945?)
(Jennifer: What is 1946?)

1947

JonathanJenniferColby
    $1600 10
(Alex: Ah, Keenan Wynn in [*]. Great scene.)

Dr. Strangelove

Triple Stumper
    $6,000 20
integrated circuit

Jennifer
    $1600 14
Jacob Marley

Jonathan
    $2000 7
catechism

Colby
    $2000 8
wind chill

Colby
    $2000 30
Dolores

Colby
    $2000 29
(Jennifer: What is, um...)

It's a Wonderful Life

JonathanJennifer
    $2000 21
internment camps

Jennifer
    $2000 15
[Colby did not include the definite article and Alex did not correct him.]

The Turn of the Screw

Colby

Scores at the end of the Double Jeopardy! Round:

Jonathan Jennifer Colby
$18,100 $10,800 $15,200

[wagering suggestions for these scores]

Final Jeopardy! Round responses

WOMEN AUTHORS
(Alex: [To Jonathan] ...and he's shaking his head because he was unable to come up with the author of The Thorn Birds, [*].)
...
(Alex: Colby Potter, you win with the smallest total of this year, a Jeopardy! champ with $200.)
JenniferWho is Falk?
$10,786
ColbyWho is Lessing?
$15,000
JonathanWho was ?
$18,100
Colleen McCullough

Final scores:

Jonathan Jennifer Colby
$0 $14 $200
3rd place: $1,000 2nd place: $2,000 New champion: $200

Game dynamics:

Coryat scores:

Jonathan Jennifer Colby
$19,200 $6,400 $15,200
24 R
(including 1 DD),
2 W
(including 1 DD)
13 R
(including 1 DD),
3 W
20 R,
4 W

Combined Coryat: $40,800

[game clues] [game scores] [suggest correction]

Game tape date: Unknown
The J! Archive is created by fans, for fans. Scraping, republication, monetization, and malicious use prohibited; this site may use cookies and collect identifying information. See terms. The Jeopardy! game show and all elements thereof, including but not limited to copyright and trademark thereto, are the property of Jeopardy Productions, Inc. and are protected under law. This website is not affiliated with, sponsored by, or operated by Jeopardy Productions, Inc. Join the discussion at JBoard.tv.